College physics (Record no. 2812)
[ view plain ]
| 000 -LEADER | |
|---|---|
| fixed length control field | 00575nam a22002177a 4500 |
| 003 - CONTROL NUMBER IDENTIFIER | |
| control field | OSt |
| 005 - DATE AND TIME OF LATEST TRANSACTION | |
| control field | 20210722054050.0 |
| 008 - FIXED-LENGTH DATA ELEMENTS--GENERAL INFORMATION | |
| fixed length control field | 210722b ||||| |||| 00| 0 eng d |
| 020 ## - INTERNATIONAL STANDARD BOOK NUMBER | |
| International Standard Book Number | 9781111572075 |
| 020 ## - INTERNATIONAL STANDARD BOOK NUMBER | |
| International Standard Book Number | 1111572070 |
| 040 ## - CATALOGING SOURCE | |
| Transcribing agency | ALUPE UN |
| 050 ## - LIBRARY OF CONGRESS CALL NUMBER | |
| Classification number | QC21.3 |
| Item number | .S46 2012 |
| 100 ## - MAIN ENTRY--PERSONAL NAME | |
| Personal name | Raymond A. Serway |
| 245 ## - TITLE STATEMENT | |
| Title | College physics |
| 250 ## - EDITION STATEMENT | |
| Edition statement | Hybrid ed |
| 260 ## - PUBLICATION, DISTRIBUTION, ETC. | |
| Place of publication, distribution, etc. | Boston, MA |
| Name of publisher, distributor, etc. | Brooks/Cole, Cengage Learning, |
| Date of publication, distribution, etc. | ©2012. |
| 300 ## - PHYSICAL DESCRIPTION | |
| Extent | 860p |
| 650 ## - SUBJECT ADDED ENTRY--TOPICAL TERM | |
| Topical term or geographic name entry element | Physics -- Textbooks. Physics. |
| 700 ## - ADDED ENTRY--PERSONAL NAME | |
| Personal name | Chris Vuille |
| 942 ## - ADDED ENTRY ELEMENTS (KOHA) | |
| Source of classification or shelving scheme | |
| Koha item type | Book |
| Suppress in OPAC | DO |
| Withdrawn status | Lost status | Source of classification or shelving scheme | Damaged status | Not for loan | Permanent Location | Current Location | Shelving location | Date acquired | Source of acquisition | Total Checkouts | Full call number | Barcode | Date last seen | Date last checked out | Copy number | Price effective from | Koha item type | Public note | Total Renewals |
|---|---|---|---|---|---|---|---|---|---|---|---|---|---|---|---|---|---|---|---|
| AU LIBRARY | AU LIBRARY | Open Shelf | 22.07.2021 | Donation from Moi University | 14 | QC21.3 .S46 2012 C1 | 28002808 | 21.03.2024 | 07.03.2024 | 1 | 22.07.2021 | Book | DO | ||||||
| AU LIBRARY | AU LIBRARY | Open Shelf | 22.07.2021 | DONATION FROM MOI UN | 18 | QC21.3 .S46 2012 C2 | 28002540 | 21.03.2024 | 07.03.2024 | 2 | 22.07.2021 | Book | DO | 1 |